UBT Library

Math for meds : (Record no. 42011)

000 -LEADER
fixed length control field 00866cam a22002657a 4500
001 - CONTROL NUMBER
control field 15313585
005 - DATE AND TIME OF LATEST TRANSACTION
control field 20180207070315.0
008 - FIXED-LENGTH DATA ELEMENTS--GENERAL INFORMATION
fixed length control field 080603s2009 at a 001 0 eng d
010 ## - LIBRARY OF CONGRESS CONTROL NUMBER
LC control number 2008930283
020 ## - INTERNATIONAL STANDARD BOOK NUMBER
International Standard Book Number 9781428310957 (pbk.)
020 ## - INTERNATIONAL STANDARD BOOK NUMBER
International Standard Book Number 1428310959 (pbk.)
035 ## - SYSTEM CONTROL NUMBER
System control number (OCoLC)ocn192082747
040 ## - CATALOGING SOURCE
Original cataloging agency BTCTA
Transcribing agency BTCTA
Modifying agency BAKER
-- YDXCP
-- JED
-- IUP
-- CUS
-- DLC
041 ## - LANGUAGE CODE
Language code of text/sound track or separate title eng
042 ## - AUTHENTICATION CODE
Authentication code lccopycat
060 #4 - NATIONAL LIBRARY OF MEDICINE CALL NUMBER
Classification number QV 18.2 C976m 2009
080 ## - UNIVERSAL DECIMAL CLASSIFICATION NUMBER
Universal Decimal Classification number 615.0101513 CUR
082 00 - DEWEY DECIMAL CLASSIFICATION NUMBER
Classification number 615.0101513 CUR
Edition number 22
100 1# - Rafti
Rafti 3
101 ## - Shkurtesa
Shkurtesa SHM
245 10 - TITLE STATEMENT
Title Math for meds :
Statement of responsibility, etc Anna M. Curren.
906 ## - LOCAL DATA ELEMENT F, LDF (RLIN)
a 7
b cbc
c copycat
d 2
e ncip
f 20
g y-gencatlg
942 ## - ADDED ENTRY ELEMENTS (KOHA)
Source of classification or shelving scheme
Item type Books
Holdings
Withdrawn status Lost status Source of classification or shelving scheme Damaged status Not for loan Collection code Permanent location Current location Shelving location Date acquired Total Checkouts Full call number Barcode Date last seen Price effective from Koha item type
          Koleksioni i përgjithshem UBT - Lipjan UBT - Lipjan Koleksioni i përgjithshem 02/07/2018   615.0101513 CUR 002-2999040 02/07/2018 02/07/2018 Books
          Koleksioni i përgjithshem UBT - Lipjan UBT - Lipjan   11/22/2022   61 CUR 002-800028700260828 11/22/2022 11/22/2022 Books
UBT Library © 2015-2024. All rights reserved University Education for Business and Technology